Resumen del Catecismo de la Iglesia Católica /

Сохранить в:
Библиографические подробности
Соавтор: Iglesia Católica
Формат:
Язык:испанский
Опубликовано: Valencia, España : Edicep, 1993, c1993
Редактирование:2a edición
Предметы:
Метки: Добавить метку
Нет меток, Требуется 1-ая метка записи!

MARC

LEADER 00000nam^a2200000^a^4500
001 000186501
005 20250521000000.0
009 20260310102229.626
020 |a 84-7050-359-6 
037 |a Acervo ITESO - Biblioteca 
041 |a ESP 
082 |a 238. 2  |b IGL 
110 |a Iglesia Católica 
245 1 0 |a Resumen del Catecismo de la Iglesia Católica / 
250 |a 2a edición 
264 4 |a Valencia, España :  |b Edicep,  |c 1993, c1993 
300 |a 147 p. 
336 |a texto  |b txt  |2 rdacontenido 
337 |a sin mediación  |b n  |2 rdamedio 
338 |a volumen  |b nc  |2 rdasoporte 
649 |a XX 
650 |a Catecismos 
650 |a Iglesia Católica -  |x Catecismos y Credos 
650 |a Teología Doctrinal -  |x Estudio y Enseñanza 
650 |a Educación Religiosa 
650 |a Catolicismo 
650 |a Cristianismo 
650 |a Religión 
910 |a Fondo General 
920 |a Impresos - Libros 
930 |a Colección General 
905 |a 101 
901 |a 0500127989  |b IT1  |c ACC  |u 20250521 
902 |a https://opac.biblio.iteso.mx/vufind/Record/000186501